Stuck in the Middle with 'S' Quiz Stats

 Plays Quiz Updated Feb 1, 2018

Score 0/25 Timer 06:00
0 Plays Today
% Correct
sad
90.1%
sis
90.2%
scape
90%
sit
89.7%
spa
89.6%
so
89.4%
shop
89.2%
stand
88.9%
sea
88.6%
sell
87.9%
sun
87.1%
sin
86.8%
son
86.3%
% Correct
some
86.1%
spit
85.8%
serve
85.7%
sum
85.4%
sag
85.3%
sac
85.3%
set
85.1%
see
84.8%
ski
84%
sat
82.2%
she
81.5%
sign
79.7%

You're not logged in!

Compare scores with friends on all Sporcle quizzes.
OR
Log In

You Might Also Like...

Show Comments

Extras

Top Quizzes Today


Score Distribution

Your Account Isn't Verified!

In order to create a playlist on Sporcle, you need to verify the email address you used during registration. Go to your Sporcle Settings to finish the process.

Report this User

Report this user for behavior that violates our Community Guidelines.

Details: